Biggest Cities in Prussia with a Map - Statistics

General Stats
  • This quiz has been taken 612 times
  • The average score is 34 of 100
Answers on the Map
Answers color-coded by a green-red scale on the quiz's map according to % correct below.
 
Answer Stats
Population City % Correct
632,749 Berlin
99%
90,334 Danzig (Gdańsk)
96%
122,162 Cologne
93%
101,507 Königsberg (Kaliningrad)
92%
163,919 Breslau (Wrocław)
85%
70,759 Stettin (Szczecin)
80%
44,297 Düsseldorf
79%
53,383 Posen (Poznań)
79%
63,811 Aachen
77%
27,356 Dortmund
77%
42,266 Potsdam
75%
31,336 Essen
73%
39,523 Frankfurt an der Oder
73%
70,147 Magdeburg
73%
15,159 Neustadt-Magdeburg
71%
22,492 Bonn
65%
17,735 Memel (Klaipėda)
63%
40,143 Erfurt
59%
27,773 Münster
59%
21,332 Duisburg
57%
16,523 Bielefeld
56%
45,972 Halle
56%
59,544 Barmen
55%
25,967 Brandenburg an der Havel
54%
62,008 Elberfeld
54%
21,674 Trier
51%
11,766 Bochum
50%
26,693 Stralsund
46%
18,675 Gladbach (Mönchengladbach)
44%
12,125 Cottbus
43%
10,579 Oppeln (Opole)
42%
24,010 Bromberg (Bydgoszcz)
40%
13,438 Charlottenburg
39%
28,701 Koblenz
38%
31,499 Görlitz
37%
17,540 Greifswald
37%
27,534 Elbing (Elbląg)
36%
14,320 Hamm
35%
53,421 Krefeld
34%
11,931 Paderborn
34%
16,228 Thorn (Toruń)
34%
19,754 Liegnitz (Legnica)
31%
11,784 Gleiwitz (Gliwice)
29%
12,684 Kolberg (Kołobrzeg)
29%
12,844 Köslin (Koszalin)
29%
11,847 Solingen
29%
10,542 Witten
28%
16,856 Tilsit (Sovetsk)
27%
15,391 Burg
26%
12,852 Beuthen in Oberschlesien (Bytom)
24%
17,697 Glogau (Głogów)
24%
10,570 Grünberg in Schlesien (Zielona Góra)
24%
17,838 Landsberg an der Warthe (Gorzów Wielkopolski)
24%
13,739 Mülheim an der Ruhr
24%
10,717 Neuss
24%
16,076 Spandow (Spandau, Berlin)
24%
13,922 Stolp (Słupsk)
24%
10,268 Düren
22%
18,428 Remscheid
22%
16,692 Stargard
22%
13,083 Wittenberg
21%
17,527 Minden
20%
11,664 Glatz (Kłodzko)
18%
10,065 Küstrin (Kostrzyn nad Odrą)
18%
10,093 Hirschberg (Jelenia Góra)
17%
14,908 Iserlohn
17%
18,565 Nordhausen
17%
13,437 Ratibor (Racibórz)
17%
12,133 Anklam
16%
13,274 Graudenz (Grudziądz)
16%
11,974 Neuruppin
16%
13,140 Insterburg (Chernyakhovsk)
15%
18,833 Neisse (Nysa)
15%
16,476 Quedlinburg
15%
13,632 Eupen
14%
17,554 Guben
14%
23,870 Halberstadt
14%
12,840 Merseburg
14%
15,542 Prenzlau
14%
18,386 Wesel
14%
10,003 Lissa (Leszno)
13%
16,438 Schweidnitz (Świdnica)
13%
13,298 Brieg (Brzeg)
12%
11,346 Herford
12%
11,417 Rheydt
12%
15,129 Viersen
12%
10,571 Braunsberg in Ostpreußen (Braniewo)
11%
16,774 Mühlhausen
11%
11,429 Soest
11%
14,857 Naumburg
10%
10,397 Sorau (Żary)
10%
13,737 Eschweiler
9%
12,781 Weissenfels
9%
14,256 Zeitz
9%
11,869 Bad Kreuznach
8%
11,841 Eisleben
7%
11,910 Torgau
7%
13,286 Aschersleben
6%
11,621 Luckenwalde
5%
10,395 Eilenburg
4%
No matching quizzes found
Score Distribution
Percent of People with Each Score
Percentile by Number Answered
Your Score History
You have not taken this quiz